LEADER 01031nam0-22003371i-450- 001 990003745400403321 005 20150305111208.0 035 $a000374540 035 $aFED01000374540 035 $a(Aleph)000374540FED01 035 $a000374540 100 $a20030910d1977----km-y0itay50------ba 101 0 $aita 105 $ay-------001yy 200 1 $a<>differenziale semantico$eproblemi teorici e metrici$fDora Capozza 210 $aBologna ; Padova$cPātron$dc1977 215 $a271 p.$ctab., fig.$d22 cm 225 1 $aStudi e ricerche di psicologia$fCollana diretta da Pietro Boscolo e Dora Capozza$v1 300 $aContiene bibl. e appendice 610 0 $aLinguaggio$aTeoria 610 0 $aLinguaggio$aSemantica 676 $a401$v21$zita 700 1$aCapozza,$bDora$0121044 801 0$aIT$bUNINA$gRICA$2UNIMARC 901 $aBK 912 $a990003745400403321 952 $a401 CAP 1 BIS$b2997$fBFS 952 $a401 CAP 1$fBFS 959 $aBFS 996 $aDifferenziale semantico$9509516 997 $aUNINA LEADER 01401nam 2200457 450 001 9910671530203321 005 20190702105710.0 010 $a1-5129-5450-0 035 $a(CKB)4100000006671106 035 $a(MiAaPQ)EBC5514097 035 $a(OCoLC)1128466123 035 $a(FlNmELB)ELB68889 035 $a(EXLCZ)994100000006671106 100 $a20190310d2018 uy 0 101 0 $aspa 135 $aurcnu|||||||| 181 $2rdacontent 182 $2rdamedia 183 $2rdacarrier 200 10$aCo?digo nacional de polici?a y convivencia $econcordado, leyes, decretos, resoluciones, circulares : doctrina y jurisprudencia /$fJorge Enrique Chavarro Cadena, editor 210 1$aBogota? :$cGrupo Editorial Nueva Legislacio?n,$d2018. 215 $a1 online resource (xi, 208 pa?ginas) 311 $a958-56259-0-3 606 $aPublic policy (Law)$zColombia 606 $aPolice$zColombia 606 $aPolici?a 606 $aLegislacio?n 607 $aColombia 608 $aLibros electronicos. 615 0$aPublic policy (Law) 615 0$aPolice 615 4$aPolici?a. 615 4$aLegislacio?n. 676 $a342.861 702 $aChavarro Cadena$b Jorge Enrique 801 0$bFINmELB 801 1$bFINmELB 906 $aBOOK 912 $a9910671530203321 996 $aCo?digo nacional de polici?a y convivencia$93050522 997 $aUNINA LEADER 01337nam a2200301 i 4500 001 991000733389707536 008 050104s2003 it 101 0 ita 020 $a8855527401 035 $ab13264692-39ule_inst 040 $aDip.to Studi Storici$bita 082 0 $a940.1 082 0 $a342 110 2 $aComitato italiano per gli studi e le edizioni delle fonti normative$0473138 245 10$aSignori, regimi signorili e statuti nel tardo Medioevo :$b7. convegno del Comitato delle fonti normative, Ferrara, 5-7 ottobre 2000 ;$ca cura di Ronaldo Dondarini, Gian Maria Varanini, Maria Venticelli 260 $aBologna :$bPatron,$c2003 300 $a417 p. ;$c24 cm 500 $aIn testa al front.: Comitato italiano per gli studi e le edizioni delle fonti normative, C.I.S.E.F.N. 650 4$aFonti documentarie$xStatuti$xCongressi$y 2000 650 4$aMedioevo$xStoria$xStatuti 700 1 $aDondarini, Ronaldo 700 1 $aVaranini, Gian Maria 700 1 $aVenticelli, Maria 907 $a.b13264692$b12-09-11$c04-01-05 912 $a991000733389707536 945 $aLE023 940.1 DON 1 1$g1$i2023000069127$lle023$o-$pE27.00$q-$rn$so $t0$u3$v0$w3$x0$y.i13978974$z04-01-05 996 $aSignori, regimi signorili e statuti nel tardo Medioevo$91106345 997 $aUNISALENTO 998 $ale023$b26-11-04$cm$da $e-$fita$git $h0$i0